Medzinárodný obchod kontrolné testy

Salvato in:
Dettagli Bibliografici
Autore principale: Šíbl, Drahoš
Ente Autore: Ekonomická univerzita v Bratislave. Obchodná fakulta
Altri autori: Šaková, Beáta, Mogyorosiová, Zuzana, 1975-
Natura: Libro
Lingua:slovacco
Pubblicazione: Bratislava Vydavateľstvo Ekonóm 2001
Soggetti:
Tags: Aggiungi Tag
Nessun Tag, puoi essere il primo ad aggiungerne!!

MARC

LEADER 00000nam a2200000 4500
001 c127537
005 20240502071320.8
020 |a 80-225-1441-1 
041 0 |a slo 
044 |a SK 
245 1 0 |a Medzinárodný obchod  |b kontrolné testy  |c Drahoš Šíbl, Beáta Šaková, Zuzana Mogyorosiová 
264 1 |a Bratislava  |b Vydavateľstvo Ekonóm  |c 2001 
300 |a 105 s. 
610 2 0 |a obchod medzinárodný 
610 2 0 |a obchod svetový 
610 2 0 |a investície zahraničné 
610 2 0 |a vzťahy hospodárske medzinárodné 
610 2 0 |a trh kapitálový medzinárodný 
610 2 0 |a bilancia platobná 
610 2 0 |a korporácie transnacionálne 
610 2 0 |a marketing 
610 2 0 |a styk platobný medzinárodný 
610 2 0 |a burzy 
100 1 |a Šíbl, Drahoš 
700 1 |a Šaková, Beáta 
700 1 |a Mogyorosiová, Zuzana, 1975- 
710 2 |a Ekonomická univerzita v Bratislave. Obchodná fakulta